Zur Würdigung Comte's und des Positivismus
| Main Author: | |
|---|---|
| Corporate Author: | |
| Contributors: | ; |
| Format: | Electronic Book |
| Language: | German |
| Check availability: | HBZ Gateway |
| Interlibrary Loan: | Interlibrary Loan for the Fachinformationsdienste (Specialized Information Services in Germany) |
| Published: |
[n.p.]
[Verlag nicht ermittelbar]
[n.d.]
|
| In: | Year: 1910 |
| Further subjects: | B
Positivism
B Comte, Auguste (1798-1857) B Philosophy |
| Online Access: |
Volltext (kostenfrei) |
| Sammlungen: |
MARC
| LEADER | 00000cam a22000002c 4500 | ||
|---|---|---|---|
| 001 | 1894343557 | ||
| 003 | DE-627 | ||
| 005 | 20250118001134.0 | ||
| 007 | cr uuu---uuuuu | ||
| 008 | 240705s1910 xx |||||o 00| ||ger c | ||
| 035 | |a (DE-627)1894343557 | ||
| 035 | |a (DE-599)KXP1894343557 | ||
| 035 | |a (PRTC)zurwrdigungcom00euck | ||
| 040 | |a DE-627 |b ger |c DE-627 |e rda | ||
| 041 | |a ger | ||
| 084 | |a 1 |2 ssgn | ||
| 100 | 1 | |8 1\p |e VerfasserIn |0 (DE-588)118682555 |0 (DE-627)134314174 |0 (DE-576)160889782 |4 aut |a Eucken, Rudolf |d 1846-1926 | |
| 109 | |a Lu dao fu Ao yi ken 1846-1926 |a Eucken, Christoph 1846-1926 |a Wo jian 1846-1926 |a Eucken, R. 1846-1926 |a Wojian 1846-1926 |a Eucken, Rudolf 1846-1926 |a Aoyiken, Ludaofu 1846-1926 |a Eucken, Rud. 1846-1926 |a Eucken, Rudolph 1846-1926 |a Eucken, Rudolf C. 1846-1926 |a Ėjken, R. 1846-1926 |a Ejken, R. 1846-1926 |a Eucken, Rudolf Christoph 1846-1926 |a Ludaofu-Aoyiken 1846-1926 | ||
| 245 | 1 | 0 | |a Zur Würdigung Comte's und des Positivismus |
| 264 | 1 | |a [n.p.] |b [Verlag nicht ermittelbar] |c [n.d.] | |
| 300 | |a 1 Online-Ressource ([28 p.]) | ||
| 336 | |a Text |b txt |2 rdacontent | ||
| 337 | |a Computermedien |b c |2 rdamedia | ||
| 338 | |a Online-Ressource |b cr |2 rdacarrier | ||
| 600 | 1 | 0 | |a Comte, Auguste |d 1798-1857 |
| 601 | |a Positivismus | ||
| 650 | 0 | |a Positivism | |
| 655 | 0 | |a Philosophy | |
| 700 | 1 | |a Liebmann, Otto |e MitwirkendeR |4 ctb | |
| 700 | 1 | |a Rühl, Franz |e MitwirkendeR |4 ctb | |
| 710 | 2 | |a University of Toronto |e MitwirkendeR |4 ctb | |
| 856 | 4 | 0 | |u https://commons.ptsem.edu/id/zurwrdigungcom00euck |m X:PRTC |x Digitalisierung |z kostenfrei |7 0 |
| 883 | |8 1\p |a cgwrk |d 20241001 |q DE-101 |u https://d-nb.info/provenance/plan#cgwrk | ||
| 935 | |a PRTC |a mteo | ||
| 951 | |a BO | ||
| ELC | |a 1 | ||
| LOK | |0 000 xxxxxcx a22 zn 4500 | ||
| LOK | |0 001 4547315329 | ||
| LOK | |0 003 DE-627 | ||
| LOK | |0 004 1894343557 | ||
| LOK | |0 005 20240705123744 | ||
| LOK | |0 008 240705||||||||||||||||ger||||||| | ||
| LOK | |0 035 |a (DE-Tue135)zurwrdigungcom00euck | ||
| LOK | |0 040 |a DE-Tue135 |c DE-627 |d DE-Tue135 | ||
| LOK | |0 092 |o n | ||
| LOK | |0 689 |a f |a Book | ||
| LOK | |0 852 |a DE-Tue135 | ||
| LOK | |0 852 1 |9 00 | ||
| LOK | |0 866 |x SPQUE#Theological Commons Princeton | ||
| LOK | |0 935 |a PRTC | ||
| LOK | |0 939 |a 05-07-24 |b l01 | ||
| OAS | |a 1 | ||
| ORI | |a SA-MARC-ixtheoa001.raw | ||
| SYA | 0 | 0 | |a Comte, Isodore Auguste,1798-1857,Comte, A.,1798-1857,Comte, August,1798-1857,Comte, Isidore Auguste Marie François Xavier,1798-1857,Comte, Augusto,1798-1857,Comte, Isidore Marie Auguste François Xavier,1798-1857,Kont, Ogjust,1798-1857 |